Place of value in a world of facts (Record no. 691269)

MARC details
000 -LEADER
fixed length control field 00586nam a2200193Ia 4500
003 - CONTROL NUMBER IDENTIFIER
control field OSt
005 - DATE AND TIME OF LATEST TRANSACTION
control field 20251001161814.0
008 - FIXED-LENGTH DATA ELEMENTS--GENERAL INFORMATION
fixed length control field 220926b |||||||| |||| 00| 0 eng d
037 ## - SOURCE OF ACQUISITION
Terms of availability Reference
040 ## - CATALOGING SOURCE
Original cataloging agency RTL
Transcribing agency RTL
Language of cataloging eng
041 ## - LANGUAGE CODE
Source of code eng
Language code of text/sound track or separate title eng
084 ## - COLON CLASSIFICATION NUMBER
Classification number R37, K6/SC
Assigning agency RTL
100 ## - MAIN ENTRY--PERSONAL NAME
Personal name Kohler Wolfgang
9 (RLIN) 371023
245 #0 - TITLE STATEMENT
Title Place of value in a world of facts
260 ## - PUBLICATION, DISTRIBUTION, ETC.
Place of publication, distribution, etc. New
Name of publisher, distributor, etc. York Mentor Book
Date of publication, distribution, etc. 1966
300 ## - PHYSICAL DESCRIPTION
Extent xi,320 p.
Dimensions cm.
Other physical details Includes bibliographical references and index.
942 ## - ADDED ENTRY ELEMENTS (KOHA)
Classification part R37, K6/SC
Koha item type Reference
Source of classification or shelving scheme Colon Classification (CC)
Suppress in OPAC No
Holdings
Withdrawn status Lost status Source of classification or shelving scheme Damaged status Not for loan Home library Current library Date acquired Total Checkouts Full call number Barcode Date last seen Price effective from Koha item type
    Colon Classification (CC)     Ratan Tata Library Ratan Tata Library 2022-09-27   R37 K6/SC RT1148340 2022-09-27 2022-09-27 Reference
Copyright @ Delhi University Library System